[Event "Deutsche Ländermeisterschaft 2023"]
[Site "Hannover GER"]
[Date "2023.10.01"]
[Round "1"]
[White "Hecht, Jonas Christian"]
[Black "Herrmann, Jakob"]
[Result "0-1"]
[Termination "normal"]
[Board "7.2"]
[WhiteElo "1999"]
[BlackElo "2071"]
[WhiteClock "00:00:54"]
[BlackClock "00:32:06"]
[WhiteTeam "Baden"]
[BlackTeam "Mecklenburg-Vorpommern"]
[PlyCount "74"]
[WhiteFideId "16214846"]
[BlackFideId "16287169"]
[EventCountry "GER"]
[EventRounds "7"]
[EventType "team-swiss"]
[EventDate "2023.09.30"]

1. e4 {[%clk 01:30:58]} {[%emt 00:00:01]} c6 {[%clk 01:30:47]} {[%emt
00:00:14]} 2. Nf3 {[%clk 01:31:23]} {[%emt 00:00:05]} d5 {[%clk 01:31:10]}
{[%emt 00:00:07]} 3. Nc3 {[%clk 01:31:48]} {[%emt 00:00:05]} g6 {[%clk
01:31:21]} {[%emt 00:00:19]} 4. d4 {[%clk 01:30:56]} {[%emt 00:01:22]} Bg7
{[%clk 01:31:38]} {[%emt 00:00:12]} 5. h3 {[%clk 01:30:47]} {[%emt 00:00:39]}
Nf6 {[%clk 01:31:21]} {[%emt 00:00:47]} 6. e5 {[%clk 01:31:05]} {[%emt
00:00:13]} Ne4 {[%clk 01:31:43]} {[%emt 00:00:08]} 7. Nxe4 {[%clk 01:31:16]}
{[%emt 00:00:19]} dxe4 {[%clk 01:32:06]} {[%emt 00:00:07]} 8. Ng5 {[%clk
01:31:38]} {[%emt 00:00:07]} c5 {[%clk 01:32:13]} {[%emt 00:00:23]} 9. Bc4
{[%clk 01:30:14]} {[%emt 00:01:54]} O-O {[%clk 01:32:31]} {[%emt 00:00:12]} 10.
e6 {[%clk 01:29:26]} {[%emt 00:01:18]} f6 {[%clk 01:29:22]} {[%emt 00:03:39]}
11. Nxe4 {[%clk 01:29:51]} {[%emt 00:00:06]} cxd4 {[%clk 01:29:40]} {[%emt
00:00:12]} 12. Qe2 {[%clk 01:18:55]} {[%emt 00:11:26]} Nc6 {[%clk 01:25:57]}
{[%emt 00:04:13]} 13. a3 {[%clk 01:12:59]} {[%emt 00:06:26]} Ne5 {[%clk
01:19:46]} {[%emt 00:06:40]} 14. O-O {[%clk 01:05:19]} {[%emt 00:08:10]} Qb6
{[%clk 01:16:38]} {[%emt 00:03:38]} 15. c3 {[%clk 00:49:09]} {[%emt 00:16:40]}
dxc3 {[%clk 01:14:17]} {[%emt 00:02:52]} 16. Nxc3 {[%clk 00:48:16]} {[%emt
00:01:23]} Nxc4 {[%clk 01:14:17]} {[%emt 00:00:30]} 17. Qxc4 {[%clk 00:48:31]}
{[%emt 00:00:14]} Bxe6 {[%clk 01:14:35]} {[%emt 00:00:11]} 18. Qe2 {[%clk
00:47:23]} {[%emt 00:01:38]} Rfd8 {[%clk 01:09:38]} {[%emt 00:05:28]} 19. Be3
{[%clk 00:45:14]} {[%emt 00:02:39]} Qb3 {[%clk 01:08:36]} {[%emt 00:01:32]} 20.
Rfc1 {[%clk 00:39:15]} {[%emt 00:06:29]} Bc4 {[%clk 01:04:33]} {[%emt
00:04:32]} 21. Qc2 {[%clk 00:34:25]} {[%emt 00:05:20]} f5 {[%clk 00:59:16]}
{[%emt 00:05:47]} 22. Qxb3 {[%clk 00:24:54]} {[%emt 00:10:02]} Bxb3 {[%clk
00:59:40]} {[%emt 00:00:05]} 23. Re1 {[%clk 00:24:22]} {[%emt 00:01:02]} e5
{[%clk 00:55:11]} {[%emt 00:05:00]} 24. f3 {[%clk 00:22:35]} {[%emt 00:02:18]}
a6 {[%clk 00:53:11]} {[%emt 00:02:30]} 25. Rac1 {[%clk 00:19:25]} {[%emt
00:03:39]} Rac8 {[%clk 00:49:00]} {[%emt 00:04:42]} 26. Bg5 {[%clk 00:13:31]}
{[%emt 00:06:24]} Rd7 {[%clk 00:48:34]} {[%emt 00:00:56]} 27. Be3 {[%clk
00:12:50]} {[%emt 00:01:11]} Rc6 {[%clk 00:45:29]} {[%emt 00:03:34]} 28. Re2
{[%clk 00:10:45]} {[%emt 00:02:35]} Kf7 {[%clk 00:44:19]} {[%emt 00:01:40]} 29.
Rd2 {[%clk 00:09:15]} {[%emt 00:02:01]} Rxd2 {[%clk 00:42:15]} {[%emt
00:02:34]} 30. Bxd2 {[%clk 00:09:40]} {[%emt 00:00:05]} Ke6 {[%clk 00:42:33]}
{[%emt 00:00:12]} 31. Re1 {[%clk 00:08:49]} {[%emt 00:01:21]} Rc4 {[%clk
00:34:59]} {[%emt 00:08:05]} 32. Re2 {[%clk 00:06:19]} {[%emt 00:03:01]} Bc2
{[%clk 00:31:34]} {[%emt 00:03:54]} 33. Be1 {[%clk 00:02:54]} {[%emt 00:03:55]}
Bd3 {[%clk 00:31:42]} {[%emt 00:00:22]} 34. Re3 {[%clk 00:01:58]} {[%emt
00:01:26]} e4 {[%clk 00:31:58]} {[%emt 00:00:14]} 35. fxe4 {[%clk 00:01:21]}
{[%emt 00:01:06]} Bd4 {[%clk 00:32:19]} {[%emt 00:00:09]} 36. exf5+ {[%clk
00:01:41]} {[%emt 00:00:11]} Kxf5 {[%clk 00:32:42]} {[%emt 00:00:07]} 37. Nd5
{[%clk 00:00:54]} {[%emt 00:01:16]} Rc1 {[%clk 00:32:06]} {[%emt 00:01:06]} 0-1

[Event "Deutsche Ländermeisterschaft 2023"]
[Site "Hannover GER"]
[Date "2023.10.01"]
[Round "1"]
[White "Großmann, Piet"]
[Black "Basovskiy, Jana"]
[Result "1/2-1/2"]
[Termination "normal"]
[Board "7.3"]
[WhiteElo "1904"]
[BlackElo "1846"]
[WhiteClock "01:30:59"]
[BlackClock "01:30:30"]
[WhiteTeam "Mecklenburg-Vorpommern"]
[BlackTeam "Baden"]
[PlyCount "120"]
[WhiteFideId "16234359"]
[BlackFideId "16208617"]
[EventCountry "GER"]
[EventRounds "7"]
[EventType "team-swiss"]
[EventDate "2023.09.30"]

1. e4 c6 2. d4 d5 3. Nc3 dxe4 4. Nxe4 Bf5 5. Ng3 Bg6 6. Nf3 Nd7 7. Bc4 e6 8.
O-O Be7 9. Re1 Ngf6 10. c3 Nd5 11. a4 O-O 12. Qe2 h6 13. Ne5 Nxe5 14. dxe5 Qc7
15. Qg4 Rfd8 16. h4 Kh8 17. h5 Bh7 18. Qf3 Kg8 19. Bb3 Bf8 20. Qe2 Rab8 21. a5
b6 22. axb6 axb6 23. Ra4 b5 24. Rg4 Kh8 25. Qf3 c5 26. Bxd5 Rxd5 27. Bxh6 Rxe5
28. Rxe5 Qxe5 29. Bf4 Qe1+ 30. Kh2 Rd8 31. h6 Bg6 32. Bg5 Rd5 33. hxg7+ Bxg7
34. Bf6 Kg8 35. Rh4 Qd1 36. Qf4 e5 37. Qg5 Qd2 38. Rg4 Qxg5 39. Bxg5 Rd1 40. c4
b4 41. Be3 Rb1 42. Bxc5 Rxb2 43. Be3 Rc2 44. c5 b3 45. Rb4 b2 46. Nf1 e4 47.
Kg3 Bc3 48. Rb8+ Kg7 49. Kg4 Rc1 50. c6 f5+ 51. Kf4 b1=Q 52. Rxb1 Rxb1 53. c7
Kf6 54. Bd4+ Bxd4 55. c8=Q Be5+ 56. Ke3 f4+ 57. Ke2 Rb2+ 58. Ke1 Rb1+ 59. Kd2
Rb2+ 60. Ke1 Rb1+ {[%clk 01:30:30]} 1/2-1/2

[Event "Deutsche Ländermeisterschaft 2023"]
[Site "Hannover GER"]
[Date "2023.10.01"]
[Round "1"]
[White "Uyar, Levin"]
[Black "Schulz, Bruno Andreas"]
[Result "1-0"]
[Termination "normal"]
[Board "7.4"]
[WhiteElo "1720"]
[BlackElo "1737"]
[WhiteClock "00:35:59"]
[BlackClock "00:53:13"]
[WhiteTeam "Baden"]
[BlackTeam "Mecklenburg-Vorpommern"]
[PlyCount "101"]
[WhiteFideId "16282108"]
[BlackFideId "34618473"]
[EventCountry "GER"]
[EventRounds "7"]
[EventType "team-swiss"]
[EventDate "2023.09.30"]

1. e4 {[%clk 01:30:55]} {[%emt 00:00:04]} c5 {[%clk 01:30:57]} {[%emt
00:00:03]} 2. Nf3 {[%clk 01:31:18]} {[%emt 00:00:07]} e6 {[%clk 01:31:21]}
{[%emt 00:00:06]} 3. d4 {[%clk 01:31:42]} {[%emt 00:00:06]} cxd4 {[%clk
01:31:44]} {[%emt 00:00:07]} 4. Nxd4 {[%clk 01:32:05]} {[%emt 00:00:07]} Nf6
{[%clk 01:31:33]} {[%emt 00:00:41]} 5. Nc3 {[%clk 01:17:52]} {[%emt 00:14:43]}
Bb4 {[%clk 01:24:02]} {[%emt 00:08:01]} 6. e5 {[%clk 01:01:47]} {[%emt
00:16:35]} Ne4 {[%clk 01:21:16]} {[%emt 00:03:15]} 7. Qg4 {[%clk 00:55:12]}
{[%emt 00:07:05]} Nxc3 {[%clk 01:20:12]} {[%emt 00:01:34]} 8. Qxg7 {[%clk
00:49:05]} {[%emt 00:06:38]} Rf8 {[%clk 01:18:04]} {[%emt 00:02:37]} 9. a3
{[%clk 00:48:20]} {[%emt 00:01:16]} Qa5 {[%clk 01:12:57]} {[%emt 00:05:36]} 10.
axb4 {[%clk 00:33:09]} {[%emt 00:15:40]} Qxb4 {[%clk 01:08:36]} {[%emt
00:04:51]} 11. Bh6 {[%clk 00:29:43]} {[%emt 00:03:57]} d5 {[%clk 00:51:49]}
{[%emt 00:17:17]} 12. Qxf8+ {[%clk 00:29:21]} {[%emt 00:00:51]} Qxf8 {[%clk
00:52:06]} {[%emt 00:00:12]} 13. Bxf8 {[%clk 00:29:46]} {[%emt 00:00:05]} Kxf8
{[%clk 00:52:24]} {[%emt 00:00:13]} 14. bxc3 {[%clk 00:30:10]} {[%emt
00:00:06]} Bd7 {[%clk 00:52:24]} {[%emt 00:00:30]} 15. Bb5 {[%clk 00:29:17]}
{[%emt 00:01:23]} Ke7 {[%clk 00:52:05]} {[%emt 00:00:49]} 16. O-O {[%clk
00:28:56]} {[%emt 00:00:50]} h6 {[%clk 00:52:12]} {[%emt 00:00:23]} 17. f4
{[%clk 00:28:55]} {[%emt 00:00:31]} Nc6 {[%clk 00:52:16]} {[%emt 00:00:27]} 18.
Bxc6 {[%clk 00:29:09]} {[%emt 00:00:16]} bxc6 {[%clk 00:52:42]} {[%emt
00:00:04]} 19. Nb3 {[%clk 00:29:26]} {[%emt 00:00:12]} a6 {[%clk 00:51:11]}
{[%emt 00:02:01]} 20. Nc5 {[%clk 00:29:47]} {[%emt 00:00:09]} Bc8 {[%clk
00:51:38]} {[%emt 00:00:04]} 21. Rf3 {[%clk 00:30:01]} {[%emt 00:00:15]} Kf8
{[%clk 00:51:52]} {[%emt 00:00:15]} 22. g4 {[%clk 00:30:02]} {[%emt 00:00:28]}
Kg7 {[%clk 00:52:12]} {[%emt 00:00:11]} 23. f5 {[%clk 00:29:50]} {[%emt
00:00:42]} exf5 {[%clk 00:52:28]} {[%emt 00:00:14]} 24. gxf5 {[%clk 00:30:10]}
{[%emt 00:00:10]} h5 {[%clk 00:52:30]} {[%emt 00:00:28]} 25. e6 {[%clk
00:30:31]} {[%emt 00:00:09]} fxe6 {[%clk 00:51:07]} {[%emt 00:01:53]} 26. fxe6
{[%clk 00:30:54]} {[%emt 00:00:07]} Kg6 {[%clk 00:50:53]} {[%emt 00:00:44]} 27.
e7 {[%clk 00:31:18]} {[%emt 00:00:06]} Bf5 {[%clk 00:51:17]} {[%emt 00:00:07]}
28. Re1 {[%clk 00:31:10]} {[%emt 00:00:37]} Re8 {[%clk 00:51:35]} {[%emt
00:00:13]} 29. Re5 {[%clk 00:30:18]} {[%emt 00:01:21]} Bg4 {[%clk 00:47:24]}
{[%emt 00:04:42]} 30. Rf8 {[%clk 00:30:42]} {[%emt 00:00:06]} Rxe7 {[%clk
00:47:48]} {[%emt 00:00:06]} 31. Rxe7 {[%clk 00:31:07]} {[%emt 00:00:05]} Kg5
{[%clk 00:48:13]} {[%emt 00:00:06]} 32. Rg7+ {[%clk 00:31:17]} {[%emt
00:00:20]} Kh4 {[%clk 00:48:33]} {[%emt 00:00:09]} 33. Rfg8 {[%clk 00:30:56]}
{[%emt 00:00:51]} a5 {[%clk 00:48:41]} {[%emt 00:00:23]} 34. Rxg4+ {[%clk
00:31:13]} {[%emt 00:00:12]} hxg4 {[%clk 00:49:00]} {[%emt 00:00:11]} 35. Ne6
{[%clk 00:31:31]} {[%emt 00:00:13]} Kh5 {[%clk 00:49:03]} {[%emt 00:00:27]} 36.
Kg2 {[%clk 00:31:36]} {[%emt 00:00:24]} a4 {[%clk 00:49:30]} {[%emt 00:00:04]}
37. Kg3 {[%clk 00:31:37]} {[%emt 00:00:28]} a3 {[%clk 00:49:54]} {[%emt
00:00:07]} 38. Rxg4 {[%clk 00:31:49]} {[%emt 00:00:18]} d4 {[%clk 00:50:17]}
{[%emt 00:00:06]} 39. Rxd4 {[%clk 00:32:14]} {[%emt 00:00:05]} Kg6 {[%clk
00:50:35]} {[%emt 00:00:12]} 40. Ra4 {[%clk 00:32:37]} {[%emt 00:00:08]} Kf5
{[%clk 00:51:01]} {[%emt 00:00:04]} 41. Rxa3 {[%clk 00:33:01]} {[%emt
00:00:07]} Ke4 {[%clk 00:51:26]} {[%emt 00:00:06]} 42. h4 {[%clk 00:33:22]}
{[%emt 00:00:08]} c5 {[%clk 00:51:53]} {[%emt 00:00:03]} 43. Nxc5+ {[%clk
00:33:44]} {[%emt 00:00:09]} Ke3 {[%clk 00:52:14]} {[%emt 00:00:09]} 44. h5
{[%clk 00:34:03]} {[%emt 00:00:10]} Kd2 {[%clk 00:52:31]} {[%emt 00:00:13]} 45.
h6 {[%clk 00:34:29]} {[%emt 00:00:04]} Kc1 {[%clk 00:52:19]} {[%emt 00:00:43]}
46. Rb3 {[%clk 00:34:49]} {[%emt 00:00:09]} Kd2 {[%clk 00:52:20]} {[%emt
00:00:29]} 47. h7 {[%clk 00:35:11]} {[%emt 00:00:08]} Ke1 {[%clk 00:52:26]}
{[%emt 00:00:24]} 48. h8=Q {[%clk 00:35:31]} {[%emt 00:00:10]} Kd2 {[%clk
00:52:32]} {[%emt 00:00:25]} 49. Qd4+ {[%clk 00:35:44]} {[%emt 00:00:16]} Kc1
{[%clk 00:52:57]} {[%emt 00:00:05]} 50. Qf2 {[%clk 00:35:59]} {[%emt 00:00:15]}
Kd1 {[%clk 00:53:13]} {[%emt 00:00:15]} 51. Rb1# {[%emt 00:00:04]} 1-0

[Event "Deutsche Ländermeisterschaft 2023"]
[Site "Hannover GER"]
[Date "2023.10.01"]
[Round "1"]
[White "Köpnick, Amanda"]
[Black "Fischer, Darja"]
[Result "1-0"]
[Termination "normal"]
[Board "7.5"]
[WhiteElo "1333"]
[BlackElo "1818"]
[WhiteClock "00:10:37"]
[BlackClock "00:44:35"]
[WhiteTeam "Mecklenburg-Vorpommern"]
[BlackTeam "Baden"]
[PlyCount "109"]
[WhiteFideId "34618538"]
[BlackFideId "16240898"]
[EventCountry "GER"]
[EventRounds "7"]
[EventType "team-swiss"]
[EventDate "2023.09.30"]

1. e4 {[%clk 01:30:57]} {[%emt 00:00:02]} c6 {[%clk 01:30:57]} {[%emt
00:00:04]} 2. Nf3 {[%clk 01:31:15]} {[%emt 00:00:13]} d5 {[%clk 01:31:23]}
{[%emt 00:00:04]} 3. d3 {[%clk 01:31:22]} {[%emt 00:00:23]} Bg4 {[%clk
01:27:07]} {[%emt 00:04:46]} 4. Be2 {[%clk 01:27:43]} {[%emt 00:04:09]} e6
{[%clk 01:27:12]} {[%emt 00:00:25]} 5. Bf4 {[%clk 01:25:32]} {[%emt 00:02:40]}
Nf6 {[%clk 01:26:42]} {[%emt 00:01:01]} 6. Nbd2 {[%clk 01:19:43]} {[%emt
00:06:18]} Be7 {[%clk 01:26:27]} {[%emt 00:00:45]} 7. Ne5 {[%clk 01:16:24]}
{[%emt 00:03:49]} Bxe2 {[%clk 01:26:39]} {[%emt 00:00:18]} 8. Qxe2 {[%clk
01:16:45]} {[%emt 00:00:09]} Nbd7 {[%clk 01:25:18]} {[%emt 00:01:50]} 9. Nxd7
{[%clk 01:14:44]} {[%emt 00:02:31]} Nxd7 {[%clk 01:25:28]} {[%emt 00:00:20]}
10. Nf3 {[%clk 01:11:50]} {[%emt 00:03:25]} O-O {[%clk 01:24:59]} {[%emt
00:00:59]} 11. O-O {[%clk 01:10:28]} {[%emt 00:01:53]} Re8 {[%clk 01:24:11]}
{[%emt 00:01:17]} 12. c3 {[%clk 01:07:25]} {[%emt 00:03:32]} Qb6 {[%clk
01:12:11]} {[%emt 00:12:29]} 13. e5 {[%clk 00:59:24]} {[%emt 00:08:32]} c5
{[%clk 01:09:58]} {[%emt 00:02:43]} 14. d4 {[%clk 00:54:38]} {[%emt 00:05:17]}
c4 {[%clk 01:08:47]} {[%emt 00:01:40]} 15. Rab1 {[%clk 00:50:54]} {[%emt
00:04:14]} Qa5 {[%clk 01:03:58]} {[%emt 00:05:18]} 16. a3 {[%clk 00:48:20]}
{[%emt 00:03:05]} b5 {[%clk 01:01:08]} {[%emt 00:03:19]} 17. Qc2 {[%clk
00:46:52]} {[%emt 00:01:57]} Rec8 {[%clk 00:58:07]} {[%emt 00:03:32]} 18. Rfe1
{[%clk 00:44:39]} {[%emt 00:02:44]} Rab8 {[%clk 00:56:08]} {[%emt 00:02:29]}
19. Ng5 {[%clk 00:38:10]} {[%emt 00:06:58]} g6 {[%clk 00:52:33]} {[%emt
00:04:05]} 20. Re3 {[%clk 00:35:31]} {[%emt 00:03:10]} Qd8 {[%clk 00:51:16]}
{[%emt 00:01:46]} 21. Rg3 {[%clk 00:34:20]} {[%emt 00:01:42]} a5 {[%clk
00:50:16]} {[%emt 00:01:29]} 22. Nf3 {[%clk 00:28:32]} {[%emt 00:06:18]} b4
{[%clk 00:49:28]} {[%emt 00:01:18]} 23. axb4 {[%clk 00:27:18]} {[%emt
00:01:43]} axb4 {[%clk 00:49:51]} {[%emt 00:00:07]} 24. Nd2 {[%clk 00:19:59]}
{[%emt 00:07:48]} Qa5 {[%clk 00:46:19]} {[%emt 00:04:02]} 25. Re3 {[%clk
00:15:51]} {[%emt 00:04:38]} bxc3 {[%clk 00:43:55]} {[%emt 00:02:55]} 26. bxc3
{[%clk 00:15:42]} {[%emt 00:00:39]} Rxb1+ {[%clk 00:44:09]} {[%emt 00:00:16]}
27. Nxb1 {[%clk 00:15:01]} {[%emt 00:01:11]} Rb8 {[%clk 00:41:24]} {[%emt
00:03:14]} 28. Re1 {[%clk 00:13:27]} {[%emt 00:02:04]} Qa1 {[%clk 00:38:27]}
{[%emt 00:03:27]} 29. Qd1 {[%clk 00:10:14]} {[%emt 00:03:43]} Nb6 {[%clk
00:37:36]} {[%emt 00:01:21]} 30. Bd2 {[%clk 00:08:33]} {[%emt 00:02:11]} Na4
{[%clk 00:37:48]} {[%emt 00:00:18]} 31. g3 {[%clk 00:08:06]} {[%emt 00:00:59]}
Nb2 {[%clk 00:37:38]} {[%emt 00:00:40]} 32. Qc2 {[%clk 00:04:49]} {[%emt
00:03:47]} Nd3 {[%clk 00:37:59]} {[%emt 00:00:09]} 33. Rf1 {[%clk 00:04:00]}
{[%emt 00:01:18]} Rb2 {[%clk 00:33:17]} {[%emt 00:05:12]} 34. Qd1 {[%clk
00:04:11]} {[%emt 00:00:19]} Qa2 {[%clk 00:33:13]} {[%emt 00:00:34]} 35. Be3
{[%clk 00:02:49]} {[%emt 00:01:53]} Bd8 {[%clk 00:28:46]} {[%emt 00:04:56]} 36.
Bd2 {[%clk 00:02:53]} {[%emt 00:00:26]} Ba5 {[%clk 00:28:00]} {[%emt 00:01:15]}
37. Kg2 {[%clk 00:01:58]} {[%emt 00:01:26]} Qb3 {[%clk 00:26:39]} {[%emt
00:01:51]} 38. h4 {[%clk 00:01:22]} {[%emt 00:01:06]} Rc2 {[%clk 00:24:07]}
{[%emt 00:03:01]} 39. Kg1 {[%clk 00:01:04]} {[%emt 00:00:49]} Qa2 {[%clk
00:22:39]} {[%emt 00:01:57]} 40. Be3 {[%clk 00:00:43]} {[%emt 00:00:52]} Bxc3
{[%clk 00:21:20]} {[%emt 00:01:49]} 41. Nxc3 {[%clk 00:00:40]} {[%emt
00:00:33]} Rxc3 {[%clk 00:21:49]} {[%emt 00:00:01]} 42. Bh6 {[%clk 00:28:13]}
{[%emt 00:02:57]} f5 {[%clk 00:48:23]} {[%emt 00:03:55]} 43. exf6 {[%clk
00:26:31]} {[%emt 00:02:12]} Kf7 {[%clk 00:48:42]} {[%emt 00:00:11]} 44. Qf3
{[%clk 00:24:19]} {[%emt 00:02:42]} Nc1 {[%clk 00:48:13]} {[%emt 00:00:58]} 45.
Qg4 {[%clk 00:22:07]} {[%emt 00:02:43]} Ne2+ {[%clk 00:48:34]} {[%emt
00:00:08]} 46. Kh1 {[%clk 00:20:17]} {[%emt 00:02:20]} Rd3 {[%clk 00:47:24]}
{[%emt 00:01:39]} 47. Re1 {[%clk 00:19:09]} {[%emt 00:01:39]} Nxd4 {[%clk
00:47:45]} {[%emt 00:00:10]} 48. Qf4 {[%clk 00:18:13]} {[%emt 00:01:26]} Qa7
{[%clk 00:44:47]} {[%emt 00:03:27]} 49. Qd6 {[%clk 00:16:59]} {[%emt 00:01:44]}
g5 {[%clk 00:42:24]} {[%emt 00:02:54]} 50. Qf8+ {[%clk 00:13:58]} {[%emt
00:03:30]} Kg6 {[%clk 00:42:53]} {[%emt 00:00:01]} 51. Qg8+ {[%clk 00:13:00]}
{[%emt 00:01:28]} Kxf6 {[%clk 00:43:17]} {[%emt 00:00:06]} 52. Qxg5+ {[%clk
00:11:45]} {[%emt 00:01:45]} Kf7 {[%clk 00:43:41]} {[%emt 00:00:06]} 53. Qg7+
{[%clk 00:11:26]} {[%emt 00:00:49]} Ke8 {[%clk 00:44:07]} {[%emt 00:00:03]} 54.
Qxa7 {[%clk 00:11:31]} {[%emt 00:00:25]} c3 {[%clk 00:44:35]} {[%emt 00:00:02]}
55. Bg5 {[%clk 00:10:37]} {[%emt 00:01:25]} 1-0

[Event "Deutsche Ländermeisterschaft 2023"]
[Site "Hannover GER"]
[Date "2023.10.01"]
[Round "1"]
[White "Haug, Mara"]
[Black "Chandrasekher, Ritu"]
[Result "0-1"]
[Termination "normal"]
[Board "7.6"]
[WhiteElo "1728"]
[BlackElo "1344"]
[WhiteClock "00:00:32"]
[BlackClock "00:02:31"]
[WhiteTeam "Baden"]
[BlackTeam "Mecklenburg-Vorpommern"]
[PlyCount "72"]
[WhiteFideId "16259300"]
[BlackFideId "34609024"]
[EventCountry "GER"]
[EventRounds "7"]
[EventType "team-swiss"]
[EventDate "2023.09.30"]

1. e4 {[%clk 01:30:56]} {[%emt 00:00:03]} c6 {[%clk 01:30:47]} {[%emt
00:00:14]} 2. Nf3 {[%clk 01:31:20]} {[%emt 00:00:06]} d5 {[%clk 01:31:08]}
{[%emt 00:00:09]} 3. Nc3 {[%clk 01:31:39]} {[%emt 00:00:11]} dxe4 {[%clk
01:31:16]} {[%emt 00:00:22]} 4. Nxe4 {[%clk 01:31:56]} {[%emt 00:00:13]} Nf6
{[%clk 01:31:25]} {[%emt 00:00:22]} 5. Qe2 {[%clk 01:32:03]} {[%emt 00:00:22]}
Nxe4 {[%clk 01:31:33]} {[%emt 00:00:22]} 6. Qxe4 {[%clk 01:32:16]} {[%emt
00:00:17]} Qa5 {[%clk 01:28:44]} {[%emt 00:03:19]} 7. Bc4 {[%clk 01:22:54]}
{[%emt 00:09:52]} Bf5 {[%clk 01:26:25]} {[%emt 00:02:49]} 8. Qf4 {[%clk
01:18:03]} {[%emt 00:05:20]} e6 {[%clk 01:23:06]} {[%emt 00:03:50]} 9. Bb3
{[%clk 01:07:51]} {[%emt 00:10:41]} Bc5 {[%clk 01:11:04]} {[%emt 00:12:32]} 10.
O-O {[%clk 01:05:34]} {[%emt 00:02:47]} O-O {[%clk 01:05:52]} {[%emt 00:05:42]}
11. Nh4 {[%clk 01:00:25]} {[%emt 00:05:38]} Bg6 {[%clk 01:00:24]} {[%emt
00:05:58]} 12. Nxg6 {[%clk 00:55:50]} {[%emt 00:05:06]} hxg6 {[%clk 00:59:31]}
{[%emt 00:01:23]} 13. d4 {[%clk 00:50:27]} {[%emt 00:05:53]} Bb6 {[%clk
00:56:02]} {[%emt 00:04:00]} 14. c3 {[%clk 00:44:03]} {[%emt 00:06:53]} Nd7
{[%clk 00:53:29]} {[%emt 00:03:02]} 15. Qg3 {[%clk 00:36:51]} {[%emt 00:07:42]}
Nf6 {[%clk 00:51:25]} {[%emt 00:02:35]} 16. Bc2 {[%clk 00:31:36]} {[%emt
00:05:46]} Rad8 {[%clk 00:45:05]} {[%emt 00:06:49]} 17. Bg5 {[%clk 00:28:12]}
{[%emt 00:03:53]} Rd5 {[%clk 00:39:15]} {[%emt 00:06:17]} 18. b4 {[%clk
00:19:27]} {[%emt 00:09:19]} Qa6 {[%clk 00:32:32]} {[%emt 00:07:12]} 19. Rfe1
{[%clk 00:15:00]} {[%emt 00:04:58]} Nh5 {[%clk 00:30:20]} {[%emt 00:02:42]} 20.
Qh4 {[%clk 00:13:52]} {[%emt 00:01:38]} Qb5 {[%clk 00:24:18]} {[%emt 00:06:33]}
21. a4 {[%clk 00:07:22]} {[%emt 00:07:00]} Qc4 {[%clk 00:21:18]} {[%emt
00:03:29]} 22. Re3 {[%clk 00:06:00]} {[%emt 00:01:51]} e5 {[%clk 00:15:42]}
{[%emt 00:06:07]} 23. g4 {[%clk 00:04:01]} {[%emt 00:02:29]} exd4 {[%clk
00:13:49]} {[%emt 00:02:23]} 24. gxh5 {[%clk 00:03:12]} {[%emt 00:01:20]} Rxg5+
{[%clk 00:13:37]} {[%emt 00:00:42]} 25. Qxg5 {[%clk 00:01:48]} {[%emt
00:01:54]} dxe3 {[%clk 00:13:40]} {[%emt 00:00:27]} 26. hxg6 {[%clk 00:00:47]}
{[%emt 00:01:31]} exf2+ {[%clk 00:13:51]} {[%emt 00:00:20]} 27. Kg2 {[%clk
00:01:07]} {[%emt 00:00:09]} fxg6 {[%clk 00:13:12]} {[%emt 00:01:10]} 28. Rf1
{[%clk 00:01:13]} {[%emt 00:00:23]} Qxc3 {[%clk 00:10:51]} {[%emt 00:02:51]}
29. Bd1 {[%clk 00:00:57]} {[%emt 00:00:48]} Qd3 {[%clk 00:09:15]} {[%emt
00:02:05]} 30. Qe7 {[%clk 00:00:37]} {[%emt 00:00:50]} Qd5+ {[%clk 00:08:37]}
{[%emt 00:01:08]} 31. Kg3 {[%clk 00:00:35]} {[%emt 00:00:31]} Bd8 {[%clk
00:07:06]} {[%emt 00:02:00]} 32. Qe3 {[%clk 00:00:44]} {[%emt 00:00:23]} Bc7+
{[%clk 00:07:05]} {[%emt 00:00:31]} 33. Kh4 {[%clk 00:00:42]} {[%emt 00:00:32]}
Rf4+ {[%clk 00:05:55]} {[%emt 00:01:40]} 34. Kh3 {[%clk 00:00:37]} {[%emt
00:00:36]} Qf5+ {[%clk 00:04:31]} {[%emt 00:01:55]} 35. Kg2 {[%clk 00:00:48]}
{[%emt 00:00:18]} Qg5+ {[%clk 00:03:17]} {[%emt 00:01:43]} 36. Kh1 {[%clk
00:00:32]} {[%emt 00:00:47]} Qh4 {[%clk 00:02:31]} {[%emt 00:01:16]} 0-1